MARC

LEADER 00000nam0a2200000 4500
001 106506
005 20241115135222.0
010 |a 5936301184 
035 |a (RuTPU)RU\TPU\book\114968 
090 |a 106506 
100 |a 20061208d2001 k y0rusy50 ca 
101 0 |a rus 
102 |a RU 
105 |a y l 000zy 
200 1 |a Сборник методических рекомендаций по классификации аварий и инцидентов  |e РД 12-378-00, РД 10-385-00, РД 09-398-01  |f Гостехнадзор РФ 
210 |a СПб.  |c Деан  |d 2001 
215 |a 16 с. 
225 1 |a Безопасность труда России 
610 1 |a безопасность жизнедеятельности 
610 1 |a опасные объекты 
610 1 |a аварии 
610 1 |a классификация 
610 1 |a водогрейные котлы 
610 1 |a паровые котлы 
610 1 |a химическая промышленность 
610 1 |a нефтехимическое производство 
610 1 |a нефтеперерабатывающая промышленность 
610 1 |a руководящие документы 
610 1 |a методические рекомендации 
610 1 |a РД 12-378-00 
610 1 |a РД 10-385-00 
610 1 |a РД 09-398-01 
675 |a 614:57.022(083)  |v 3 
712 0 2 |a Гостехнадзор РФ  |7 ca  |8 rus  |2 stltpush  |3 (RuTPU)RU\TPU\col\9785  |9 24749 
801 1 |a RU  |b 63413507  |c 20061208  |g PSBO 
801 2 |a RU  |b 63413507  |c 20100403  |g PSBO 
942 |c BK